00389nam a2200157Ia 45000010006000000050017000060080041000230410008000640820017000721000036000892450053001252600009001783000028001876500008002156540008002231800220260306171558.0260306s9999||||xx |||||||||||||| ||und|| aESP a658.311bJ54 aJiménez Coronado, LudwineAUT 0aContratación de personal y beneficios sociales c2007 a252 páginas :c24 cm. aGEN aCAN